Why is a frog not a toad ? : (Record no. 5521)

MARC details
000 -LEADER
fixed length control field 01004nam a22002777a 4500
001 - CONTROL NUMBER
control field 5521
003 - CONTROL NUMBER IDENTIFIER
control field FISKH
005 - DATE AND TIME OF LATEST TRANSACTION
control field 20241216135620.0
008 - FIXED-LENGTH DATA ELEMENTS--GENERAL INFORMATION
fixed length control field 241216b cb ||||| |||| 00| 0 eng d
020 ## - INTERNATIONAL STANDARD BOOK NUMBER
International Standard Book Number 9781565650282
040 ## - CATALOGING SOURCE
Original cataloging agency FISKH
Language of cataloging eng
Transcribing agency FISKH
Modifying agency FISKH
050 ## - LIBRARY OF CONGRESS CALL NUMBER
Classification number QH313.P38
082 ## - DEWEY DECIMAL CLASSIFICATION NUMBER
Classification number 591.1
100 ## - MAIN ENTRY--PERSONAL NAME
Personal name Pearce, Q. L.
245 ## - TITLE STATEMENT
Title Why is a frog not a toad ? :
Remainder of title discovering the differecnces between animal look-alikes /
Statement of responsibility, etc. by Q. L. Pearce : illustrated by Ron Mazellan
260 ## - PUBLICATION, DISTRIBUTION, ETC.
Place of publication, distribution, etc. Los Angeles :
Name of publisher, distributor, etc. Lowell House ;
Date of publication, distribution, etc. 1992.
300 ## - PHYSICAL DESCRIPTION
Extent 28 unnumbered pages :
Other physical details color illustrations ;
Dimensions 26 cm .
505 ## - FORMATTED CONTENTS NOTE
Formatted contents note S <br/>
520 ## - SUMMARY, ETC.
Summary, etc. Examines the differences in pairs of animals that are often confused because of their similarities in appearance, such as wolves and coyotes or wasps and bees.
521 8# - TARGET AUDIENCE NOTE
Target audience note 790 <br/>
Source Lexile estimate <br/>
521 8# - TARGET AUDIENCE NOTE
Target audience note S <br/>
Source Raz-Plus <br/>
650 ## - SUBJECT ADDED ENTRY--TOPICAL TERM
Topical term or geographic name entry element zoology
Form subdivision Non-fiction
700 ## - ADDED ENTRY--PERSONAL NAME
Personal name Mazellan, Ron
Relator term illustrator
942 ## - ADDED ENTRY ELEMENTS (KOHA)
Source of classification or shelving scheme Dewey Decimal Classification
Koha item type Books
Suppress in OPAC No
Holdings
Withdrawn status Lost status Source of classification or shelving scheme Damaged status Not for loan Collection Home library Current library Shelving location Date acquired Total Checkouts Full call number Barcode Date last seen Price effective from Koha item type
    Dewey Decimal Classification     Non-Fiction Footprints International School Library Network Toul Kork Campus Footprints International School Library Network Toul Kork Campus TTP Secondary Non-Fiction Bookshelves 12/16/2024   PEA 591.1 QH313.P38 FIS01566 12/16/2024 12/16/2024 Books